000 00486nam a22001697a 4500
005 20260109144051.0
008 260109b |||||||| |||| 00| 0 eng d
020 _a978-81-19403-42-4
100 _aPRAKASH, ANJANA
245 _aCONCISE COMMENTARY ON THE BHARATIYA NYAYA SANHITA, 2023
260 _aHARYANA
_bLEXISNEXIS
_c2024
300 _aCIX, 231P.
500 _aINCLUDES INDEX
650 _a1. CRIMINAL PROCEDURE 2. CRIMINAL LAW
700 _aPRAKAASH, ANUJ
942 _2lcc
_cBK
999 _c216442
_d216442